Organic Chemistry / (Record no. 183648)

000 -LEADER
fixed length control field 01816 a2200181 4500
003 - CONTROL NUMBER IDENTIFIER
control field Nust
005 - DATE AND TIME OF LATEST TRANSACTION
control field 20221012120403.0
040 ## - CATALOGING SOURCE
Transcribing agency Nust
082 ## - DEWEY DECIMAL CLASSIFICATION NUMBER
Classification number 547,PIN
100 ## - MAIN ENTRY--PERSONAL NAME
Personal name Pine Stanley H
9 (RLIN) 1247
245 ## - TITLE STATEMENT
Title Organic Chemistry /
Statement of responsibility, etc. Stanley H Pine
250 ## - EDITION STATEMENT
Edition statement 5th ed
260 ## - PUBLICATION, DISTRIBUTION, ETC.
Place of publication, distribution, etc. Los Angles
Name of publisher, distributor, etc. National Book Foundation
300 ## - PHYSICAL DESCRIPTION
Extent 1185:p
505 ## - FORMATTED CONTENTS NOTE
Formatted contents note What is Organic Chemistry (Page-1), Bonding in Organic Molecules (Page-8), Classes and Nomenclature of Organic Compounds functional Groups (Page-48), Characteristic Reactions of Organic Compounds (Page-93), Reaction Mechanism (Page-116), The Shapes of Molecules –Stereochemistry (Page-132), Structure Effect on Reactivity –Resonance (Page-182), Nucleophilic Additions to the Carbonyl Group-Aldehydes and Ketones (Page-212), Nucleophlilic Substitutions and the Carbonyl Group-the Carboxylic Acid Family (Page-265), Nucleophilic Substitutions at Saturated Carbon (Page-316), The Scope of Nucleophilic Substitution (Page-348), The Alpha Carbanion –Nucleophilic –Electrophilic Reactivity of Carbonyl Compounds (Page-398), Nucleophilic Additions and Substitutions in Synthesis (Page-44), Elimination Reaction –Alkenes and Alkynes (Page-464), Electrophonic Additions to Unsaturated (Page-517), Additions to Conjugated Compounds (Page-576), The Mechanism Of Electrophonic Aromatic Substitutions (Page-609), The Scope of Aromatic Substations (Page-638), Polycyclic and Heterocyclic Aromatic Compound (Page-693), Organic Synthesis (Page-721), Carbohydrates and Nucleosides (Page-757), Amino Acids and Proteins (Page-811), Lipids (Page-858), Free Radicals (Page-909), Natural and Synthetic Polymers (Page-944), Molecular Rearrangements (Page-972), Photochemistry and Electrochemistry (Page-1062).
650 ## - SUBJECT ADDED ENTRY--TOPICAL TERM
Topical term or geographic name entry element Organic Chemistry
9 (RLIN) 61219
942 ## - ADDED ENTRY ELEMENTS (KOHA)
Source of classification or shelving scheme
Koha item type Book
Holdings
Withdrawn status Lost status Source of classification or shelving scheme Damaged status Not for loan Permanent Location Current Location Shelving location Date acquired Full call number Barcode Date last seen Price effective from Koha item type Public note
          Military College of Signals (MCS) Military College of Signals (MCS) General Stacks 12/12/2016 547,PIN MCS33526 12/08/2016 12/12/2016 Book Almirah No.25, Shelf No.4
          Military College of Signals (MCS) Military College of Signals (MCS) General Stacks 12/12/2016 547,PIN MCS33527 12/08/2016 12/12/2016 Book Almirah No.77, Shelf No.4
© 2023 Central Library, National University of Sciences and Technology. All Rights Reserved.